[Event "XII Guillermo Garcia Prem I"]
[Site "Santa Clara CUB"]
[Date "2004.05.23"]
[Round "3"]
[White "Lafuente,P"]
[Black "Flores,Di"]
[Result "1/2-1/2"]
[WhiteElo "2433"]
[BlackElo "2448"]

1.d4 g6 2.c4 Bg7 3.Nc3 d6 4.e4 Nf6 5.Be2 O-O 6.Nf3 e5 7.Be3 exd4 8.Nxd4 Re8
9.f3 c6 10.Bf2 d5 11.exd5 cxd5 12.O-O Nc6 13.c5 Nh5 14.Qd2 Be5 15.g3 Ng7
16.Rfd1 a6 17.Bf1 Ne6 18.Nxe6 Bxe6 19.Nxd5 Bxd5 20.Qxd5 Qf6 21.f4 Bxb2 22.Rab1 Re7
23.Qd6 Re6 24.Qd2 Bc3 25.Qc2 Nd4 26.Qd3 Rd8 27.Kh1 Nc6 28.Qf3 Bd4 29.Bg2 Bxf2
30.Rxd8+ Qxd8 31.Qxf2 Qd3 32.Qf1 Qd2 33.Qd1 Qf2 34.Qg1 Qd2 35.Qd1 Qa5 36.Bd5 Re7
37.Bxc6 bxc6 38.Qd6 Re1+ 39.Rxe1 Qxe1+ 40.Kg2 Qe4+ 41.Kh3 h5 42.a3 Kg7 43.Kh4 Qf5
44.h3 Qf6+ 45.Qxf6+ Kxf6 46.g4 hxg4 47.Kxg4 Kg7 48.Kg5 f6+ 49.Kg4 Kh6 50.f5 g5
51.h4  1/2-1/2

[Event "57th ch-RUS Qualifier"]
[Site "St Petersburg RUS"]
[Date "2004.05.24"]
[Round "4"]
[White "Ionov,S"]
[Black "Kuzmin,A"]
[Result "1/2-1/2"]
[WhiteElo "2538"]
[BlackElo "2567"]

1.d4 Nf6 2.c4 g6 3.Nc3 Bg7 4.e4 d6 5.Nf3 O-O 6.Be2 e5 7.Be3 Nbd7 8.O-O c6
9.d5 c5 10.Ne1 Ne8 11.g4 f5 12.exf5 gxf5 13.gxf5 Nb6 14.Kh1 Bxf5 15.Rg1 Kh8
16.Nf3 e4 17.Ng5 Bxc3 18.bxc3 Qe7 19.Rg3 Nf6 20.Qd2 Nbd7 21.Rag1 Rg8 22.Bf4 Ne5
23.Bxe5 dxe5 24.Qe3 Raf8 25.a4 b6 26.Bd1 Qe8 27.a5 Rg6 28.axb6 axb6 29.Bc2 Nh5
30.R3g2 Nf4 31.Rg3 Nh5 32.R3g2 Nf4 33.Rg3 Rh6 34.Bxe4 Qh5 35.Nf3 Bxe4 36.Qxe4 Ng6
37.h3 Nf4 38.Qxe5+ Qxe5 39.Nxe5 Rxh3+ 40.Rxh3 Nxh3 41.Rb1 Nxf2+ 42.Kg2 Ne4
43.Rxb6 Rf2+ 44.Kh3 Rf5 45.Re6 h5 46.Ng6+ Kg7 47.Rxe4 Kxg6 48.Re6+ Kf7 49.Rc6 Rf3+
50.Kg2 Rxc3 51.Rxc5 Ke7 52.Rc7+ Kd6 53.Rc6+ Kd7 54.Kf2 h4 55.Kg2 Rg3+ 56.Kh2 Rc3
57.Kg2 Rg3+  1/2-1/2

[Event "57th ch-RUS Qualifier"]
[Site "Tomsk RUS"]
[Date "2004.05.26"]
[Round "4"]
[White "Lastin,A"]
[Black "Khairullin,I"]
[Result "1/2-1/2"]
[WhiteElo "2622"]
[BlackElo "2481"]

1.Nf3 Nf6 2.c4 g6 3.Nc3 Bg7 4.e4 d6 5.d4 O-O 6.Be2 e5 7.O-O exd4 8.Nxd4 Re8
9.f3 Nc6 10.Be3 Nh5 11.Qd2 Nf4 12.Nxc6 Nxe2+ 13.Nxe2 bxc6 14.Bd4 c5 15.Bxg7 Kxg7
16.Qa5 Bb7 17.Rae1 Bc6 18.b3 Kg8 19.Nc3 Qb8 20.Nd1 Re7 21.Qd2 a5 22.Ne3 Qf8
23.Re2 Qg7 24.Rfe1 a4 25.b4 cxb4 26.Qxb4 Qd4 27.Rd1 Qa7 28.Kh1 Qa5 29.Qa3 Rb8
30.h3 h5 31.Qc1 Re5 32.Nd5 Bxd5 33.cxd5 Re7 34.Rc2 Rb4 35.Qg5 Rd7 36.Qf6 Qb6
37.Kh2 Qb8 38.Rdc1 Rb7 39.Qd4 Qa8 40.Rc4 Ra7 41.Rb1 Rd8 42.Rbb4 a3 43.Ra4 c5
44.dxc6 Rxa4 45.Rxa4 Qxc6 46.Rxa3 d5 47.e5 Ra8 48.Rc3 Ra4 49.Rxc6 Rxd4 50.Rc8+  1/2-1/2

[Event "2nd Leonine GM"]
[Site "Dhaka BAN"]
[Date "2004.05.28"]
[Round "11"]
[White "Ravi,L"]
[Black "Abdul,Mal"]
[Result "1/2-1/2"]
[WhiteElo "2461"]
[BlackElo "2243"]

1.d4 Nf6 2.c4 g6 3.Nc3 Bg7 4.e4 d6 5.Nf3 O-O 6.Be2 e5 7.d5 Nbd7 8.Bg5 h6
9.Bh4 a5 10.Nd2 Nc5 11.O-O Qd7 12.Qc2 Ne8 13.Kh1 g5 14.Bg3 f5 15.exf5 Qxf5
16.Nde4 Qg6 17.f3 Nf6 18.Nxf6+ Qxf6 19.Bf2 b6 20.g4 Bd7 21.Bg3 Be8 22.Bd3 Nxd3
23.Qxd3 Bg6 24.Ne4 Qe7 25.Kg2 Rf7 26.Rae1 Raf8 27.h3 Bf6 28.b3 Kg7 29.a3 Qd7
30.Rf2 Ra8 31.Rd2 Be7 32.Qc3 Bxe4 33.Rxe4 Bf6 34.Qd3 Qc8 35.Rc2 Rd7 36.Bf2 Rd8
37.b4 Qa6 38.Qd2 axb4 39.axb4 Rd7 40.Re2 Rf7 41.Be3 Re8 42.Qd3 Qa4 43.Qe4 Qxb4
44.Ra2 b5 45.Rec2 bxc4 46.Rxc4 Qb5 47.Rb4 Qd7 48.Rb7 Bd8 49.Bd2 Ref8 50.Ra3 Qc8
51.Rbb3 Bf6 52.Ra2 Rd8  1/2-1/2

[Event "Open"]
[Site "Nis SCG"]
[Date "2004.05.28"]
[Round "1"]
[White "Biljanic,L"]
[Black "Mitrovic,Da"]
[Result "0-1"]
[WhiteElo "2261"]
[BlackElo "2347"]

1.d4 Nf6 2.c4 g6 3.Nf3 Bg7 4.Nc3 O-O 5.e4 d6 6.Be2 e5 7.d5 a5 8.O-O Na6 9.Ne1 Nc5
10.Bg5 h6 11.Bxf6 Qxf6 12.Bg4 Bxg4 13.Qxg4 h5 14.Qe2 Bh6 15.Rd1 Qe7 16.Nd3 Nxd3
17.Rxd3 b6 18.b3 Bg5 19.a3 Kg7 20.Rfd1 Rh8 21.Rf3 Bf6 22.Qc2 Qd7 23.Qe2 h4
24.Rfd3 Rh5 25.h3 Rhh8 26.Qg4 Qe7 27.Nb5 Rhd8 28.Rf1 Qd7 29.Qxd7 Rxd7 30.Ra1 Bg5
31.Rf3 f5 32.Re1 Rf8 33.Re2 Rdf7 34.Kf1 Bd8 35.Kg1 Bg5 36.Nc3 Bf4 37.Kh1 Bg5
38.Kh2 Bf4+ 39.Kg1 Bg5 40.Rd3 Bf4 41.Kf1 Bg5 42.Ra2 Ra8 43.Ke2 Kf6 44.Rd1 Ke7
45.Raa1 Kd7 46.Rh1 Bf4 47.Rag1 Rh8 48.g3 hxg3 49.fxg3 Bg5 50.exf5 gxf5 51.g4 Rh4
52.gxf5 Rxf5 53.Rg4 Be7 54.Rxh4 Bxh4 55.Rf1 Rxf1 56.Kxf1 Ke8 57.Ke2 Kf7 58.Kf3 Kg6
59.Kg4 Bf6 60.h4 Bd8 61.Ne4 Bxh4 62.Kxh4 Kf5 63.Ng5 e4 64.Nh3 Ke5 65.Kg3 Kd4
66.a4 Kc3 67.Kf4 Kxb3 68.Kxe4 Kxa4 69.Kd3 Kb3 70.Nf2 a4 71.Kd2 a3  0-1

[Event "57th ch-RUS Qualifier"]
[Site "St Petersburg RUS"]
[Date "2004.05.28"]
[Round "7"]
[White "Belov,Vl"]
[Black "Loginov,Va"]
[Result "1/2-1/2"]
[WhiteElo "2543"]
[BlackElo "2516"]

1.d4 Nf6 2.c4 g6 3.Nc3 Bg7 4.e4 d6 5.Nf3 O-O 6.Be2 e5 7.Be3 Na6 8.O-O h6
9.dxe5 Ng4 10.Bd2 Nxe5 11.Nxe5 dxe5 12.Qc1 h5 13.Bg5 f6 14.Be3 c6 15.c5 Qe7
16.Bxa6 bxa6 17.Rd1 Rd8 18.Rxd8+ Qxd8 19.Qc2 Qe8 20.Rd1 Bf8 21.Qa4 Rb8 22.b3 Kf7
23.h3 Qe6 24.Qa5 Be7 25.f4 Rb7 26.fxe5 Qxe5 27.Bd4 Qg5 28.Kh1 Rd7 29.Qa4 Rc7
30.Rf1 Qg3 31.Qc4+ Be6 32.Qe2 Rd7 33.Rf3 Qg5 34.Bxf6 Bxf6 35.e5 Bf5 36.exf6 Qd2
37.Qc4+ Be6 38.Qe4 Bd5 39.Nxd5 Qxd5 40.Qe3 Qd2 41.Qe5 Qd5 42.Qf4 Qxc5 43.Rf1 Qb5
44.Re1 Qf5 45.Qc1 Qf2 46.Qc4+ Rd5 47.Rf1 Qc5 48.Qxa6 Rf5 49.Re1 Kxf6 50.Qb7 Kg5
51.Qb8 Qc3 52.Rd1 a5 53.Qd6 Kh6 54.Qd4 Qxd4 55.Rxd4 Rc5 56.Kh2  1/2-1/2

[Event "57th ch-RUS Qualifier"]
[Site "St Petersburg RUS"]
[Date "2004.05.30"]
[Round "9"]
[White "Romanov,E"]
[Black "Andreikin,D"]
[Result "1/2-1/2"]
[WhiteElo "2392"]
[BlackElo "2418"]

1.d4 Nf6 2.Nf3 g6 3.c4 Bg7 4.Nc3 O-O 5.e4 d6 6.Be2 e5 7.d5 Nbd7 8.Bg5 h6
9.Bh4 a5 10.Nd2 Nc5 11.Qc2 c6 12.O-O Bd7 13.b3 Qb6 14.a3 Rfc8 15.Qb2 g5 16.Bg3 cxd5
17.cxd5 a4 18.b4 Nb3 19.Nxb3 axb3  1/2-1/2

[Event "TCh-BIH"]
[Site "Neum BIH"]
[Date "2004.05.31"]
[Round "3"]
[White "Bilobrk,F"]
[Black "Ivanisevic,I"]
[Result "1/2-1/2"]
[WhiteElo "2338"]
[BlackElo "2550"]

1.d4 d6 2.Nf3 Nf6 3.c4 g6 4.Nc3 Bg7 5.e4 O-O 6.Be2 e5 7.O-O c6 8.d5 Na6 9.Nd2 Bd7
10.Rb1 Ne8 11.b4 c5 12.a3 f5 13.b5 Nb8 14.exf5 gxf5 15.Qc2 Qe7 16.f4 e4 17.Nd1 Bd4+
18.Kh1 Ng7 19.Nb3 Be8 20.Bb2 Bxb2 21.Qxb2 Nd7 22.Ne3 Nf6 23.Na1 Bh5 24.Bxh5 Nfxh5
25.Qf2 Kh8 26.Nac2 Rf6 27.Rb3 Rg8 28.Nd1 Rg6 29.Rh3 Nf6 30.Nce3 Qf7 31.Qb2 Re8
32.Qc3 Kg8 33.Qa5 b6 34.Qc3 a6 35.Qb2 Qa7 36.Nc3 Ng4 37.bxa6 Qxa6 38.Nb5 Re7
39.Kg1 Qa8 40.Re1 Nxe3 41.Rexe3 Ne8 42.Rhg3  1/2-1/2

[Event "3rd ACP Blitz Prelim4"]
[Site "playchess.com INT"]
[Date "2004.06.03"]
[Round "15"]
[White "Shipov,S"]
[Black "Harika,D"]
[Result "1-0"]
[WhiteElo "2593"]
[BlackElo "2368"]

1.d4 Nf6 2.c4 g6 3.Nc3 Bg7 4.e4 d6 5.Nf3 O-O 6.Be2 e5 7.Be3 Ng4 8.Bg5 f6
9.Bh4 Nc6 10.d5 Ne7 11.Nd2 Nh6 12.f3 Qe8 13.b4 a5 14.a3 axb4 15.axb4 Rxa1
16.Qxa1 f5 17.Qa5 b6 18.Qa7 fxe4 19.fxe4 Ng4 20.Bxg4 Bxg4 21.Qxc7 Rf7 22.Qxd6 Nc8
23.Qd8 Qxd8 24.Bxd8 Ra7 25.O-O  1-0

[Event "II Gyorgy Marx Mem IM"]
[Site "Paks HUN"]
[Date "2004.06.06"]
[Round "2"]
[White "Krutti,V"]
[Black "Konnyu,J"]
[Result "0-1"]
[WhiteElo "2377"]
[BlackElo "2257"]

1.Nf3 Nf6 2.c4 g6 3.Nc3 Bg7 4.e4 d6 5.d4 O-O 6.Be2 e5 7.Be3 Nc6 8.d5 Ne7
9.Nd2 Ne8 10.b4 f5 11.f3 f4 12.Bf2 h5 13.c5 g5 14.Nc4 Rf6 15.Qb3 Kh8 16.O-O-O Bh6
17.h3 Kg7 18.Kb2 Ng6 19.a4 Rf7 20.a5 g4 21.hxg4 hxg4 22.cxd6 cxd6 23.Nb5 a6
24.Nb6 Rb8 25.Na7 g3 26.Bg1 Bd7 27.b5 Nh4 28.Bf1 Bxb5 29.Nxb5 axb5 30.Rd2 Nc7
31.Bxb5 Nxb5 32.Qxb5 Bg5 33.Nc4 Kg6 34.Bb6 Qd7 35.Qb4 Be7 36.Ba7 Rd8 37.Rc2 Rh7
38.Rhc1 Kf6 39.Bb6 Rc8 40.Bg1 Rd8 41.Qb6 Kg5 42.Na3 Ra8 43.Qb4 Bd8 44.Nc4 Rh6
45.Nb6 Bxb6 46.Bxb6 Nxg2 47.Rxg2 Rh2 48.Rgc2 Rc8 49.Kb3 Rhxc2 50.Rxc2 Rxc2
51.Kxc2 Qh3 52.Qc3 Qf1 53.Qd3 g2 54.Qd1 Kh4 55.Bg1 Kg3  0-1

[Event "II Gyorgy Marx Mem"]
[Site "Paks HUN"]
[Date "2004.06.11"]
[Round "6"]
[White "Beliavsky,A"]
[Black "Nevednichy,V"]
[Result "1-0"]
[WhiteElo "2667"]
[BlackElo "2544"]

1.d4 Nf6 2.c4 g6 3.Nc3 Bg7 4.e4 d6 5.Nf3 O-O 6.Be2 e5 7.O-O Na6 8.Be3 Qe8
9.dxe5 Ng4 10.Bg5 dxe5 11.Qc1 c6 12.Rd1 h6 13.Bd2 Kh7 14.h3 Nf6 15.Be3 Nh5
16.c5 Nc7 17.Nd2 Nf4 18.Bf1 Qe7 19.Nc4 Nfe6 20.b4 a6 21.Na4 Nb5 22.Nab6 Rb8
23.Nd6 Nbd4 24.Nbxc8 Rbxc8 25.Nxc8 Rxc8 26.Rb1 h5 27.Bc4 Re8 28.Rb2 Qh4 29.Re1 Qxe4
30.Bxd4 Qxd4 31.Rd2 Qh4 32.Rd7 Nf4 33.Rxf7 Qg5  1-0

[Event "Summer III"]
[Site "Alushta UKR"]
[Date "2004.06.12"]
[Round "8"]
[White "Abbasov,F"]
[Black "Kuznetsov,Vi2"]
[Result "1/2-1/2"]
[WhiteElo "2435"]
[BlackElo "2375"]

1.c4 Nf6 2.Nc3 g6 3.e4 d6 4.d4 Bg7 5.Nf3 O-O 6.Be2 e5 7.Be3 Ng4 8.Bg5 f6
9.Bh4 Nc6 10.d5 Ne7 11.Nd2 Nh6 12.f3 c5 13.dxc6 bxc6 14.b4 Be6 15.Nb3 Kh8
16.Na5 d5 17.Nxc6 Nxc6 18.cxd5 Nxb4 19.dxe6 Qc7 20.O-O Qc5+ 21.Kh1 Qxc3 22.Be1 Qc5
23.Rc1 Qb6 24.Rb1 Rfd8 25.Qa4 a5 26.e7 Rdb8 27.a3 Qe6 28.axb4 axb4 29.Rxb4 Qxe7
30.Rxb8+ Rxb8 31.Bc4 Nf7 32.Bh4 Nd6 33.Bd5 Qe8 34.Qxe8+ Nxe8 35.h3 f5 36.exf5 gxf5
37.Bc6 f4 38.Rd1 Bf6 39.Be1 Ng7 40.Bd7 Kg8 41.Kh2 Kf7 42.Bc6 Nf5 43.Rd7+ Be7
44.Be4 Ng3 45.Bxh7 Ke6 46.Rd1 Bh4 47.Bd3 Kf6 48.Bc3 Nf5 49.Bxf5 Bg3+ 50.Kg1 Kxf5
51.Kf1 Rb3 52.Rc1 e4 53.fxe4+ Kxe4 54.Ke2 Ra3 55.Rc2 Bh2 56.Bf6 Re3+ 57.Kd2 Rd3+
58.Kc1 f3 59.gxf3+ Rxf3  1/2-1/2

[Event "8th Open"]
[Site "Voronezh RUS"]
[Date "2004.06.14"]
[Round "3"]
[White "Bobrov,I"]
[Black "Zakharevich,I"]
[Result "1-0"]
[WhiteElo "2318"]
[BlackElo "2515"]

1.d4 Nf6 2.c4 g6 3.Nc3 Bg7 4.e4 d6 5.Be2 O-O 6.Nf3 e5 7.O-O Qe8 8.d5 Nfd7
9.b4 a5 10.c5 dxc5 11.bxc5 Nxc5 12.Ba3 Nba6 13.Bxa6 Nxa6 14.Bxf8 Bxf8 15.Rc1 b5
16.Qe2 Bd7 17.Rfd1 Bh6 18.Nd2 b4 19.Ncb1 Bb5 20.Qf3 Rb8 21.Rc2 Rb6 22.Nb3 a4
23.Na5 Kg7 24.Nd2 Rf6 25.Qh3 Bd7 26.Qd3 b3 27.axb3 Nb4 28.Qc3 Nxc2 29.Qxc2 Qb8
30.Ndc4 Qb4 31.Nxe5 axb3 32.Qb2 Bc8 33.Nac6 Qxe4 34.Qxb3 Qe2 35.Nf3 Ba6 36.Ncd4 Qc4
37.Qb2 Kg8 38.Ne6 Rxe6 39.dxe6 Qxe6 40.Rd8+ Bf8 41.Qd4  1-0

[Event "II Gyorgy Marx Mem IM"]
[Site "Paks HUN"]
[Date "2004.06.15"]
[Round "11"]
[White "Fodor,T jr"]
[Black "Konnyu,J"]
[Result "0-1"]
[WhiteElo "2183"]
[BlackElo "2257"]

1.d4 Nf6 2.c4 g6 3.Nc3 Bg7 4.e4 d6 5.Nf3 O-O 6.Be2 e5 7.Be3 Nc6 8.dxe5 dxe5
9.O-O Be6 10.a3 Ng4 11.Bc5 Qxd1 12.Rfxd1 Rfd8 13.Ng5 Nf6 14.Nd5 Rdc8 15.Nxf6+ Bxf6
16.Nxe6 fxe6 17.Bg4 Kf7 18.Rd7+ Be7 19.Bxe7 Nxe7 20.h4 h5 21.Bh3 Kf6 22.f4 Nc6
23.Rf1 Nd4 24.Kh2 Rab8 25.g4 hxg4 26.Bxg4 c5 27.Kg3 b5 28.h5 gxh5 29.Bxh5 Rg8+
30.Kh4 exf4 31.e5+ Kf5 32.cxb5 Rg2 33.Rf7+ Kxe5 34.Re1+ Kd6 35.Rxf4 Rh8 36.Rh1 Nf5+  0-1

[Event "8th Open"]
[Site "Voronezh RUS"]
[Date "2004.06.15"]
[Round "4"]
[White "Bedia,M"]
[Black "Lutsko,I"]
[Result "1/2-1/2"]
[WhiteElo "2305"]
[BlackElo "2517"]

1.d4 Nf6 2.c4 g6 3.Nc3 Bg7 4.e4 d6 5.Nf3 O-O 6.Be2 Na6 7.O-O e5 8.Re1 Qe8
9.Bf1 Bg4 10.d5 Nb4 11.Be2 a5 12.h3 Bd7 13.Bf1 Nh5 14.Rb1 Na6 15.b3 Nc5 16.Be3 b6
17.Nd2 f5 18.a3 Nf6 19.Bxc5 bxc5 20.b4 cxb4 21.axb4 axb4 22.Rxb4 Bh6 23.exf5 gxf5
24.c5 dxc5 25.Rc4 e4 26.Nb3 Qe5 27.Nxc5 Bc8 28.Nd3 Qe7 29.Nb4 Ne8 30.Nb5 Ba6
31.d6 cxd6 32.Qd5+ Kh8 33.Qxa8 Bxb5 34.Nd5 Qf7 35.Rc8 Bd7 36.Rb8 Rg8 37.Nb6 Be6
38.Qa1+ Bg7 39.Qa4 d5 40.Qa8 Be5 41.Qb7 Bxb8 42.Qxb8 Qc7 43.Qxc7 Nxc7 44.Rc1 Rg7
45.Rc6 f4 46.Na8 Nxa8 47.Rxe6 Ra7 48.Rf6 Ra1 49.Rxf4 Nb6 50.g4 Na4 51.Kg2 Nc3
52.Rf7 Kg8 53.Rc7 Rc1 54.g5 Rc2 55.h4 e3 56.Bd3 Rxf2+ 57.Kg3 Ne2+ 58.Bxe2 Rxe2
59.Kf3 Rh2 60.Kxe3 Rxh4  1/2-1/2

[Event "St John Uni"]
[Site "New York USA"]
[Date "2004.06.17"]
[Round "1"]
[White "Sarkar,J"]
[Black "Kurniawan,B"]
[Result "1/2-1/2"]
[WhiteElo "2375"]
[BlackElo "2371"]

1.d4 Nf6 2.c4 g6 3.Nc3 Bg7 4.e4 d6 5.Be2 O-O 6.Nf3 e5 7.O-O exd4 8.Nxd4 Re8
9.f3 Nc6 10.Be3 Nh5 11.Nxc6 bxc6 12.Qd2 Qe7 13.Rae1 a5 14.f4 Nf6 15.Bf3 Ba6
16.b3 Red8 17.Bd4 Qd7 18.Rd1 a4 19.Bxf6 Bxf6 20.e5 Be7 21.Nxa4 Bxc4 22.Nc5 Qf5
23.bxc4 dxc5 24.Qe2 Rxd1 25.Rxd1 Qxf4 26.g3 Qg5 27.Bxc6 Ra6 28.Bd5 c6 29.Bg2 Ra3
30.e6 fxe6 31.Qxe6+ Kg7 32.Rf1 Bf6 33.Qd7+ Kh6 34.Rf4 Qe5 35.Qh3+ Kg7 36.Qd7+ Kh6
37.Qxc6 Bg5 38.Rf1 Rxa2 39.Qe4 Qxe4  1/2-1/2

[Event "8th Open"]
[Site "Voronezh RUS"]
[Date "2004.06.17"]
[Round "6"]
[White "Rychagov,A"]
[Black "Chuprov,D"]
[Result "1-0"]
[WhiteElo "2509"]
[BlackElo "2464"]

1.d4 Nf6 2.c4 g6 3.Nc3 Bg7 4.e4 d6 5.Nf3 O-O 6.Be2 e5 7.O-O Na6 8.Re1 Qe8
9.Bf1 Bg4 10.d5 Nb4 11.Be2 a5 12.Be3 Na6 13.b3 Bd7 14.Nd2 Kh8 15.a3 Ng8 16.Rb1 f5
17.f3 Bh6 18.Bxh6 Nxh6 19.b4 axb4 20.axb4 Qe7 21.Qc1 f4 22.Nd1 g5 23.Nf2 Rg8
24.h3 Nf7 25.c5 h5 26.c6 bxc6 27.dxc6 Be6 28.Qc3 g4 29.fxg4 hxg4 30.Bxg4 Nh6
31.Ra1 Bxg4 32.hxg4 Qh4 33.Nf3 Qg3 34.Qb2 Rg7 35.Ra3 Rag8 36.Nxe5 dxe5 37.Rxg3 fxg3
38.Nd3 Nxg4 39.Nxe5 Nxb4 40.Nxg4 Nd3 41.Qf6 Nxe1 42.Nh6  1-0

[Event "5th Kurass Mem"]
[Site "Kyiv UKR"]
[Date "2004.06.18"]
[Round "1"]
[White "Perun,S"]
[Black "Baranovsky,V"]
[Result "1-0"]
[WhiteElo "2347"]
[BlackElo "2056"]

1.d4 Nf6 2.Nf3 g6 3.c4 Bg7 4.Nc3 O-O 5.e4 d6 6.Be2 Nbd7 7.O-O e5 8.Re1 Re8
9.Bf1 b6 10.Rb1 a5 11.b3 exd4 12.Nxd4 Bb7 13.f3 Nc5 14.Be3 Ne6 15.Ndb5 Qd7
16.Qd2 Rad8 17.Rbd1 Qc8 18.Nd5 Qb8 19.Bh6 Bh8 20.Kh1 Nd7 21.Ne3 Nf6 22.Nc3 Qc8
23.Ncd5 Bc6 24.Qc1 Rd7 25.a3 Rdd8 26.b4 axb4 27.axb4 Qb7 28.Nf5 Rd7 29.Nxf6+ Bxf6
30.b5 gxf5 31.bxc6 Qxc6 32.exf5 Ng7 33.Bxg7 Rxe1 34.Bxf6 Rxf1+ 35.Rxf1  1-0

[Event "Summer IV"]
[Site "Alushta UKR"]
[Date "2004.06.19"]
[Round "3"]
[White "Alexandrova,O"]
[Black "Purtov,A"]
[Result "1/2-1/2"]
[WhiteElo "2430"]
[BlackElo "2432"]

1.d4 Nf6 2.c4 g6 3.Nc3 Bg7 4.e4 d6 5.Be2 O-O 6.Nf3 e5 7.Be3 Nbd7 8.O-O c6
9.d5 c5 10.Ne1 Ne8 11.Nd3 f5 12.f4 exf4 13.Nxf4 Ne5 14.exf5 Bxf5 15.Ne6 Bxe6
16.Rxf8+ Bxf8 17.dxe6 Qe7 18.Qd2 Qxe6 19.Nd5 Bg7 20.Rf1 Nc6 21.Kh1 Nd4 22.Bd3 Rd8
23.Bg5 Rd7 24.Nf4 Qg4 25.Qe3 Nc7 26.Nd5 Qe6 27.Be4 Kh8 28.Qf4 Nxd5 29.Bxd5 Qf5
30.Qc1 Ne2 31.Rxf5 Nxc1 32.Rf1 Nd3 33.Be6 Rc7 34.Bd8 Rc6 35.Rf7 Ra6 36.a3 h6
37.Rxb7 Bxb2 38.Rb8 Kg7 39.Rb7+ Kf8 40.Rb8 Kg7  1/2-1/2

[Event "National Open"]
[Site "Las Vegas USA"]
[Date "2004.06.19"]
[Round "4"]
[White "Zaikov,O"]
[Black "Matikozian,A"]
[Result "0-1"]
[WhiteElo "2302"]
[BlackElo "2467"]

1.d4 Nf6 2.c4 g6 3.Nc3 Bg7 4.e4 d6 5.Nf3 O-O 6.Be2 e5 7.O-O Na6 8.Be3 Ng4
9.Bg5 Qe8 10.d5 f5 11.Ne1 Nf6 12.f3 h6 13.Be3 f4 14.Bf2 g5 15.Rc1 Qg6 16.c5 Nxc5
17.Nb5 Na6 18.Nxa7 Bd7 19.Bxa6 bxa6 20.Rxc7 g4 21.Bh4 Rf7 22.Nc6 gxf3 23.Nxf3 Bh3
24.Ng5 hxg5 25.Rxf7 Kxf7 26.Qb3 Bd7 27.Qb7 Rh8 28.Nb8 Rxb8 29.Qxb8 gxh4 30.Qxd6 Qxe4
31.Qxa6 h3  0-1

[Event "Coupe de France Final"]
[Site "Paris FRA"]
[Date "2004.06.19"]
[Round "1"]
[White "David,Alb"]
[Black "Nataf,IA"]
[Result "0-1"]
[WhiteElo "2580"]
[BlackElo "2535"]

1.d4 Nf6 2.c4 g6 3.Nc3 Bg7 4.e4 d6 5.Nf3 O-O 6.Be2 e5 7.O-O Na6 8.Be3 h6
9.d5 Ng4 10.Bd2 f5 11.Ne1 Nf6 12.exf5 gxf5 13.f4 Qe7 14.Qc1 e4 15.Be3 c5
16.dxc6 bxc6 17.Qd2 Rb8 18.Rd1 Rd8 19.b3 Be6 20.Nc2 c5 21.Nb5 d5 22.Qa5 d4
23.Qxa6 d3 24.Rd2 dxe2 25.Rxe2 Rb7 26.Kh1 Ng4 27.Bxc5 Qxc5 28.Qxe6+ Kf8 29.h3 Rb6
30.b4 Qxb5 31.hxg4 Rxe6 32.cxb5 fxg4 33.Kh2 h5 34.f5 Re5 35.Rf4 Rxb5 36.f6 Bh6
37.Rfxe4 Kf7 38.Nd4 Rb6 39.Ne6 Rd2 40.Nd8+ Rxd8  0-1

[Event "8th Open"]
[Site "Voronezh RUS"]
[Date "2004.06.19"]
[Round "8"]
[White "Burmakin,V"]
[Black "Yandarbiev,R"]
[Result "1-0"]
[WhiteElo "2571"]
[BlackElo "2432"]

1.d4 Nf6 2.Nf3 g6 3.c4 Bg7 4.Nc3 O-O 5.e4 d6 6.Be2 e5 7.Be3 Na6 8.O-O Ng4
9.Bg5 Qe8 10.dxe5 dxe5 11.h3 f6 12.hxg4 fxg5 13.Nxg5 Qe7 14.Nh3 c6 15.Qd2 Nc5
16.Qg5 Bf6 17.Qe3 Ne6 18.Rad1 Bg7 19.g3 Nd4 20.Kg2 Be6 21.b3 Rf7 22.Rd3 Raf8
23.Bd1 Nf3 24.Ng1 Bxg4 25.Nxf3 Bxf3+ 26.Bxf3 Rxf3 27.Qxf3 Rxf3 28.Rxf3 Bf6
29.Rd1 Bg5 30.Rfd3 Qb4 31.Nb1 a5 32.a3 Qc5 33.a4 Qb4 34.Nd2 Bxd2 35.R1xd2 Kf7
36.Rd7+ Ke6 37.R2d3 b5 38.axb5 cxb5 39.Rb7 a4 40.Rb6+ Ke7 41.Rxb5 Qe1 42.Re3 Qc1
43.bxa4 Ke6 44.Rb6+ Ke7  1-0

[Event "Summer IV"]
[Site "Alushta UKR"]
[Date "2004.06.20"]
[Round "5"]
[White "Alexandrova,O"]
[Black "Kovalev,A"]
[Result "1/2-1/2"]
[WhiteElo "2430"]
[BlackElo "2557"]

1.d4 Nf6 2.c4 g6 3.Nc3 Bg7 4.e4 d6 5.Nf3 O-O 6.Be2 e5 7.O-O exd4 8.Nxd4 Re8
9.f3 Nc6 10.Be3 Nh5 11.Nxc6 bxc6 12.Qd2  1/2-1/2

[Event "St John Uni"]
[Site "New York USA"]
[Date "2004.06.20"]
[Round "4"]
[White "Bonin,J"]
[Black "Cela,A"]
[Result "0-1"]
[WhiteElo "2341"]
[BlackElo "2482"]

1.d4 Nf6 2.Nf3 g6 3.c4 Bg7 4.Nc3 O-O 5.e4 d6 6.Be2 e5 7.dxe5 dxe5 8.Qxd8 Rxd8
9.Bg5 Re8 10.Nd5 Nxd5 11.cxd5 c6 12.Bc4 b5 13.Bb3 a5 14.a3 a4 15.Ba2 c5 16.Be3 Nd7
17.Nd2 Bb7 18.O-O Bf8 19.Bb1 c4 20.Bc2 Nc5 21.Rad1 Nb3 22.Bxb3 cxb3 23.Nb1 Ba6
24.Rfe1 b4 25.d6 bxa3 26.Nxa3 Red8 27.d7 Bb4 28.Bb6 Bxe1 29.Bxd8 Rxd8 30.Rxe1 Rxd7
31.Nb1 Bd3 32.Nc3 a3 33.bxa3 b2 34.Nd5 Ra7  0-1

[Event "Summer IV"]
[Site "Alushta UKR"]
[Date "2004.06.22"]
[Round "7"]
[White "Evdokimov,Alexa"]
[Black "Shtyrenkov,V"]
[Result "0-1"]
[WhiteElo "2495"]
[BlackElo "2449"]

1.d4 Nf6 2.c4 g6 3.Nc3 Bg7 4.e4 d6 5.Nf3 O-O 6.Be2 e5 7.O-O Nh5 8.Re1 Nf4
9.Bf1 Bg4 10.d5 Qf6 11.Re3 a5 12.h3 Bd7 13.Re1 g5 14.Nh2 Qg6 15.g3 Nxh3+
16.Bxh3 Bxh3 17.g4 h5 18.gxh5 Qh7 19.Bxg5 f6 20.Be3 Kf7 21.Qf3 Bd7 22.Ne2 f5
23.Kh1 f4 24.Rg1 Ke7 25.Bd2 Bf6 26.Rg6 Be8 27.Rag1 Nd7 28.Bc3 Bxg6 29.hxg6 Qh6
30.Rg2 Rh8 31.Qg4 Qh3 32.Qxh3 Rxh3 33.g7 Rg8 34.Ng1 Rd3 35.Nhf3 Nc5 36.Nd2 Na4
37.Bxa5 b6 38.Bb4 Nxb2 39.Rg4 Rxg7 40.Rxg7+ Bxg7 41.Ne2 Bh6 42.Nc1 f3 43.Nxd3 Nxd3
44.Nxf3 Nxb4 45.a4 Nd3 46.Kg2 Nb2 47.c5 bxc5 48.a5 Kd8 49.a6 Kc8 50.Kf1 Kb8
51.Ke2 Ka7 52.Nh4 Kxa6 53.Nf5 Bf4 54.Ng7 Ka5 55.Ne6 Kb6  0-1

[Event "Summer IV"]
[Site "Alushta UKR"]
[Date "2004.06.22"]
[Round "7"]
[White "Tolstikh,N"]
[Black "Kovalev,A"]
[Result "0-1"]
[WhiteElo "2425"]
[BlackElo "2557"]

1.Nf3 Nf6 2.c4 g6 3.Nc3 Bg7 4.e4 O-O 5.d4 d6 6.Be2 e5 7.O-O Na6 8.Be3 Ng4
9.Bg5 f6 10.Bh4 c6 11.d5 c5 12.Ne1 h5 13.Nd3 Bd7 14.Rb1 b6 15.b4 g5 16.Bg3 f5
17.h3 Nf6 18.f3 f4 19.Be1 g4 20.hxg4 hxg4 21.fxg4 cxb4 22.Nxb4 Nxb4 23.Rxb4 Qc8
24.Rb3 Nxg4 25.Bxg4 Bxg4 26.Qd3 Qe8 27.Nb5 Qg6 28.Nc7 Rac8 29.Ne6 Rf7 30.Rf2 Bf6
31.g3 Rh7 32.Rbb2 Kf7 33.Rh2 Rch8 34.Qa3 Rxh2 35.Rxh2 Rxh2 36.Qxa7+ Be7 37.Kxh2 Bf3
38.Kg1 Qh5 39.Kf2 Bxe4 40.Bb4 Qh2+ 41.Ke1 Bd3  0-1

[Event "Summer IV"]
[Site "Alushta UKR"]
[Date "2004.06.23"]
[Round "9"]
[White "Tishin,D"]
[Black "Kovalev,A"]
[Result "1/2-1/2"]
[WhiteElo "2372"]
[BlackElo "2557"]

1.d4 Nf6 2.c4 g6 3.Nc3 Bg7 4.e4 d6 5.Nf3 O-O 6.Be2 Nbd7 7.O-O e5 8.Re1 c6
9.Bf1 Qb6 10.Na4 Qc7 11.dxe5 dxe5 12.c5 b5 13.cxb6 axb6 14.Qc2 Bb7 15.h3 Rfd8
16.Be3 b5 17.Nc5 Nxc5 18.Bxc5 Nd7 19.Be3 Qa5 20.a3 Nf8 21.b4 Qa4 22.Qc3 Ne6
23.Nd2 Nd4 24.Bxd4 exd4 25.Qd3 c5 26.bxc5 Ba6 27.Qb3 d3 28.e5 Rac8 29.Rad1 Rxc5
30.Bxd3 Qxb3 31.Nxb3 Rc3 32.Be2 Rxd1 33.Bxd1 Bf8 34.Re3 Rxe3 35.fxe3 Bxa3
36.Be2 Bb2  1/2-1/2

[Event "TCh-CRO"]
[Site "Rabac CRO"]
[Date "2004.06.24"]
[Round "5"]
[White "Martic,Z"]
[Black "Ramesa,D"]
[Result "0-1"]
[WhiteElo "2288"]
[BlackElo "2143"]

1.d4 Nf6 2.c4 g6 3.Nc3 Bg7 4.e4 d6 5.Nf3 O-O 6.Be2 e5 7.O-O Na6 8.Re1 c6
9.Bf1 Bg4 10.d5 Ne8 11.h3 Bc8 12.g3 c5 13.Bg2 f5 14.Ng5 Nac7 15.f4 exf4 16.gxf4 h6
17.Nf3 fxe4 18.Nxe4 Nf6 19.Ng3 Bd7 20.a4 b6 21.Ra3 Kh7 22.Qc2 Ng8 23.Bd2 a6
24.Kh2 a5 25.h4 Nf6 26.h5 Nxh5 27.Nxh5 Bf5 28.Qb3 gxh5 29.Qxb6 Ra6 30.Qb7 Rf7
31.Rae3 Ra8 32.Qb6 Rb8 33.Qc6 Bd4 34.Nxd4 cxd4 35.R3e2 d3 36.Re6 Rxb2  0-1

[Event "TCh-CRO"]
[Site "Rabac CRO"]
[Date "2004.06.25"]
[Round "7"]
[White "Ascic,A"]
[Black "Zufic,M"]
[Result "0-1"]
[WhiteElo "2222"]
[BlackElo "2388"]

1.d4 Nf6 2.c4 g6 3.Nc3 Bg7 4.e4 d6 5.Be2 O-O 6.Nf3 Na6 7.O-O e5 8.Be3 Qe8
9.dxe5 dxe5 10.h3 Qe7 11.a3 Nh5 12.Re1 c6 13.Bf1 Nc5 14.Qc2 Ne6 15.Rad1 f5
16.exf5 gxf5 17.Bc1 e4 18.Nh2 Nd4 19.Qd2 Be6 20.Qg5 Qxg5 21.Bxg5 Nc2 22.Re2 Nxa3
23.g4 Bxc4 24.gxh5 Bxe2 25.Bxe2 Nc2 26.Bc4+ Kh8 27.Rd7 b5 28.Bf7 h6 29.Bh4 Nd4
30.Kf1 a5 31.Ke1 a4 32.Kd2 b4 33.Nb1 a3 34.bxa3 bxa3 35.Ba2 Rab8 36.Nc3 Rb2+
37.Ke3 Nc2+  0-1

[Event "TCh-CRO"]
[Site "Rabac CRO"]
[Date "2004.06.26"]
[Round "8"]
[White "Vucic,M"]
[Black "Golubovic,B"]
[Result "1/2-1/2"]
[WhiteElo "2413"]
[BlackElo "2424"]

1.d4 Nf6 2.Nf3 g6 3.c4 Bg7 4.Nc3 O-O 5.e4 d6 6.Be2 e5 7.dxe5 dxe5 8.Qxd8 Rxd8
9.Bg5 Nbd7 10.O-O c6 11.Rfd1 Re8 12.b4 h6 13.Bh4 a5 14.a3 Nh5 15.c5 Nf4 16.Bc4 Nf8
17.Nd2 N8e6 18.Nb3 a4 19.Nd2 Nd4 20.Bf1 Bg4 21.f3 Be6 22.Bc4 Nc2 23.Bxe6 Rxe6
24.Ra2 Ne3 25.Rb1 Nexg2 26.Bf2 Bf6 27.Nc4 Rd8 28.Rd2 Rxd2 29.Nxd2 Re8 30.Nc4 Nh4
31.Bxh4 Bxh4 32.Rd1 f5 33.Rd7 Rf8 34.Rxb7 Be1 35.Nd1 fxe4 36.Kf1 Nd3 37.Ke2 Rxf3
38.Nd6 Bh4 39.Nxe4 Rh3 40.b5 Nf4+ 41.Kd2 Rxh2+ 42.Kc1 cxb5 43.c6 Ne6 44.c7 Nxc7
45.Rxc7 Kf8 46.Rb7 Be7 47.Rxb5 Bxa3+ 48.Kb1 Be7 49.Ra5 a3 50.Ndc3 Bb4 51.Ra8+ Kf7
52.Nd5 Ke6 53.Nxb4 Rb2+ 54.Kc1 Rxb4  1/2-1/2